000 00591nam a2200241 a 4500
001 nice12345678
003 IN_TiNIC
005 20260116014425.0
008 050524s2002 jaia grp 000 0 eng
020 _a8170339
_c550
082 0 0 _a307
_bDEB
100 _aDeb, Kushal
245 _aMapping Multuralism
260 _aJaipur
_bRawat Publications
_c2002
300 _a317p
500 _aincludes index and biblioraphy
505 2 _aBibliography
650 _aIntercultural Communication
700 1 _aDeb, Kushal
902 _bSRS
942 _cBK
999 _c15231
_d15231